Accounting principles / (Record no. 136117)
[ view plain ]
| 000 -LEADER | |
|---|---|
| fixed length control field | 01109cam a2200313 a 4500 |
| 001 - CONTROL NUMBER | |
| control field | 16954856 |
| 003 - CONTROL NUMBER IDENTIFIER | |
| control field | BD-DhUL |
| 005 - DATE AND TIME OF LATEST TRANSACTION | |
| control field | 20161215143919.0 |
| 008 - FIXED-LENGTH DATA ELEMENTS--GENERAL INFORMATION | |
| fixed length control field | 110909s2009 nyua 001 0 eng |
| 010 ## - LIBRARY OF CONGRESS CONTROL NUMBER | |
| LC control number | 2011290264 |
| 020 ## - INTERNATIONAL STANDARD BOOK NUMBER | |
| International Standard Book Number | 9780470317549 |
| 040 ## - CATALOGING SOURCE | |
| Original cataloging agency | DLC |
| Transcribing agency | DLC |
| Modifying agency | DLC |
| -- | BD-DhUL |
| 042 ## - AUTHENTICATION CODE | |
| Authentication code | pcc |
| 082 ## - DEWEY DECIMAL CLASSIFICATION NUMBER | |
| Classification number | 657 |
| Item number | WEA |
| 100 1# - MAIN ENTRY--PERSONAL NAME | |
| Personal name | Weygandt, Jerry J. |
| 245 10 - TITLE STATEMENT | |
| Title | Accounting principles / |
| Statement of responsibility, etc. | Jerry J. Weygandt, Paul D. Kimmel, Donald E. Kieso. |
| 250 ## - EDITION STATEMENT | |
| Edition statement | 9th ed. |
| 260 ## - PUBLICATION, DISTRIBUTION, ETC. (IMPRINT) | |
| Place of publication, distribution, etc. | New York : |
| Name of publisher, distributor, etc. | Wiley, |
| Date of publication, distribution, etc. | c2009 |
| 300 ## - PHYSICAL DESCRIPTION | |
| Extent | xxi, 1196, [69] p. : |
| Other physical details | col. ill. ; |
| Dimensions | 29 cm. |
| 500 ## - GENERAL NOTE | |
| General note | Includes indexes. |
| 650 #0 - SUBJECT ADDED ENTRY--TOPICAL TERM | |
| Topical term or geographic name as entry element | Accounting. |
| 700 1# - ADDED ENTRY--PERSONAL NAME | |
| Personal name | Kimmel, Paul D. |
| 700 1# - ADDED ENTRY--PERSONAL NAME | |
| Personal name | Kieso, Donald E. |
| 856 42 - ELECTRONIC LOCATION AND ACCESS | |
| Materials specified | Contributor biographical information |
| Uniform Resource Identifier | http://www.loc.gov/catdir/enhancements/fy1117/2011290264-b.html |
| 856 42 - ELECTRONIC LOCATION AND ACCESS | |
| Materials specified | Publisher description |
| Uniform Resource Identifier | http://www.loc.gov/catdir/enhancements/fy1117/2011290264-d.html |
| 856 41 - ELECTRONIC LOCATION AND ACCESS | |
| Materials specified | Table of contents only |
| Uniform Resource Identifier | http://www.loc.gov/catdir/enhancements/fy1117/2011290264-t.html |
| 942 ## - ADDED ENTRY ELEMENTS (KOHA) | |
| Source of classification or shelving scheme | |
| Koha item type | Books |
| Price effective from | Date last seen | Permanent Location | Not for loan | Date acquired | Source of classification or shelving scheme | Koha item type | Lost status | Withdrawn status | Copy number | Source of acquisition | Collection code | Damaged status | Shelving location | Barcode | Current Location | Full call number |
|---|---|---|---|---|---|---|---|---|---|---|---|---|---|---|---|---|
| 2016-12-15 | 2016-12-15 | Dhaka University Library | 2012-02-04 | Books | 6 | Gift | Non Fiction | General Stacks | 465566 | Dhaka University Library | 657 WEA | |||||
| 2016-12-15 | 2016-12-15 | Dhaka University Library | 2012-02-04 | Books | 3 | Gift | Non Fiction | General Stacks | 465563 | Dhaka University Library | 657 WEA | |||||
| 2016-12-15 | 2016-12-15 | Dhaka University Library | 2012-02-04 | Books | 1 | Gift | Non Fiction | General Stacks | 465561 | Dhaka University Library | 657 WEA | |||||
| 2016-12-15 | 2016-12-15 | Dhaka University Library | 2012-02-04 | Books | 5 | Gift | Non Fiction | General Stacks | 465565 | Dhaka University Library | 657 WEA | |||||
| 2016-12-15 | 2016-12-15 | Dhaka University Library | 2012-02-04 | Books | 4 | Gift | Non Fiction | General Stacks | 465564 | Dhaka University Library | 657 WEA | |||||
| 2016-12-15 | 2016-12-15 | Dhaka University Library | 2012-02-04 | Books | 9 | Gift | Non Fiction | General Stacks | 465569 | Dhaka University Library | 657 WEA | |||||
| 2016-12-15 | 2016-12-15 | Dhaka University Library | 2012-02-04 | Books | 8 | Gift | Non Fiction | General Stacks | 465568 | Dhaka University Library | 657 WEA | |||||
| 2016-12-15 | 2016-12-15 | Dhaka University Library | 2012-02-04 | Books | 10 | Gift | Non Fiction | General Stacks | 465570 | Dhaka University Library | 657 WEA | |||||
| 2016-12-15 | 2016-12-15 | Dhaka University Library | 2012-02-04 | Books | 2 | Gift | Non Fiction | General Stacks | 465562 | Dhaka University Library | 657 WEA | |||||
| 2016-12-15 | 2016-12-15 | Dhaka University Library | 2012-02-04 | Books | 7 | Gift | Non Fiction | General Stacks | 465567 | Dhaka University Library | 657 WEA | |||||
| 2016-12-15 | 2016-12-15 | Dhaka University Library | 2010-04-20 | Books | Purchased | Non Fiction | General Stacks | 442546 | Dhaka University Library | 657 WEA |
